000 01545nam a2200205Ia 4500
003 Ost
005 20260507075646.0
008 260507s9999||||xx |||||||||||||| ||und||
040 _cfsecg
041 _aara
082 _a301.241
100 _aالعيسوي، عبد الرحمن
_eمؤلف
245 0 _aالإسلام والتنمية البشرية /
_c عبد الرحمن العيسوي
260 _aالإسكندرية:
_bالمكتب العربي الحديث,
_c[د.ت.]
300 _a244 صفحة؛
_bإيضاحات ؛
_c24 سم
520 _aتعريف التنمية وخصائصها والعمل التنموي- مؤشرات التنمية والتقدم- التربية والتنمية- تنمية الموارد البشرية- دور العلم في تحقيق التنمية- من تجارب الامم في العمل التنموي- الاسس العلمية لتوجيه الفرد مهنيا- منهج الإسلام في التنمية البشرية- التنمية في اطار الإسلامي- التنمية العقلية والفكرية- التنمية النفسية- التنمية الروحية والخلقية- تنمية روح العمل- تدعيم التماسك الإجتماعي- تنمية الوعي الإقتصادي والبشري- تنمية التماسك الأسري- الإدارة التنموية في الإطار الإسلامي- تنمية سيمات شخصية المسلم ككل.
653 _aالإسلام
653 _aالتنمية البشرية
942 _cكتاب
999 _c45490
_d45490